Logo CIB grande

Research: Successful Approaches in Nutrition and Dietetics (Registro nro. 237879)

Detalles MARC
000 -LEADER
campo de control de longitud fija 00618nam a2200217Ia 4500
005 - FECHA Y HORA DE LA ÚLTIMA TRANSACCIÓN
campo de control 20250425162846.0
008 - DATOS DE LONGITUD FIJA--INFORMACIÓN GENERAL
campo de control de longitud fija 250425s9999 xx 000 0 und d
020 ## - NÚMERO INTERNACIONAL ESTÁNDAR DEL LIBRO
Número Internacional Estándar del Libro 9780880919463
041 ## - CÓDIGO DE IDIOMA
--
Código de lengua original eng
082 ## - NÚMERO DE LA CLASIFICACIÓN DECIMAL DEWEY
Número de clasificación 613.2
Iniciales del Autor VAN
010 ## - NÚMERO DE CONTROL DE LA BIBLIOTECA DEL CONGRESO
Número de control de LC 117213
100 ## - ENTRADA PRINCIPAL--NOMBRE DE PERSONA
Nombre de persona Van Horn, Linda
245 #0 - MENCIÓN DEL TÍTULO
Título Research: Successful Approaches in Nutrition and Dietetics
Mención de responsabilidad, etc. Linda Van Horn; Judith Beto
250 ## - MENCION DE EDICION
Mención de edición 4th Edition
260 ## - PUBLICACIÓN, DISTRIBUCIÓN, ETC.
Lugar de publicación, distribución, etc. Chicago
Nombre del editor, distribuidor, etc. Academy of Nutrition and Dietetics
Fecha de publicación, distribución, etc. 2019
300 ## - DESCRIPCIÓN FÍSICA
Extensión 630 p.
Dimensiones 27.9 cm.
650 ## - PUNTO DE ACCESO ADICIONAL DE MATERIA--TÉRMINO DE MATERIA
Término de materia o nombre geográfico como elemento de entrada Investigación
650 ## - PUNTO DE ACCESO ADICIONAL DE MATERIA--TÉRMINO DE MATERIA
Término de materia o nombre geográfico como elemento de entrada Nutrición - Dieta
700 ## - ENTRADA AGREGADA--NOMBRE PERSONAL
Nombre de persona Beto, Judith
942 ## - ELEMENTOS DE ENTRADA SECUNDARIOS (KOHA)
Tipo de ítem Koha Libros
Existencias
Estatus retirado Estado de pérdida Fuente de la clasificación o esquema de estantería Estado de daño No para préstamo Biblioteca de origen Biblioteca actual Ubicación en estantería Fecha de adquisición Coste, precio normal de compra Etiqueta RFID Total de préstamos Signatura topográfica completa Código de barras Copia número Tipo de ítem Koha Nota pública
    Clasificación Decimal Dewey     CENTRO DE INFORMACIÓN BIBLIOTECARIA CENTRO DE INFORMACIÓN BIBLIOTECARIA   18/12/2024 170.00 0000000000000000037597   613.2 VAN 81060 1 Libros Compra

Copyright 2025 ESPOL. Todos los derechos reservados.